Top 16 Disliked Animals - Statistics

General Stats
  • This quiz has been taken 96 times
  • The average score is 9 of 15
Answer Stats
Hint Answer % Correct
Their slithery movement and cold, scaly texture. Snake
98%
Associated with garbage and unclean spaces. Rat
96%
Their erratic flying, nocturnal habits, and association with dark places. Bat
89%
Known for breaking into trash and making a mess. Raccoon
89%
Primarily disliked for their unpleasant odor and ability to spray when threatened. Skunk
89%
Often feared due to their portrayal in media as dangerous and lurking in the ocean. Shark
88%
Their snake-like appearance and hiding in murky waters. Eel
69%
Their bumpy, warty skin and nocturnal habits. Toad
59%
Their unusual appearance and habit of playing dead. Opossum
55%
Viewed as nuisances for overpopulating cities.. Pigeon
55%
Disliked for their association with death and decay. Vulture
53%
Their translucent, alien-like appearance. Jellyfish
48%
Seen as sneaky scavengers that disturb neighborhoods. Coyote
22%
Scavenging behavior gives them a reputation as sneaky and untrustworthy. Hyena
22%
Their small size and quick movements often startle people. Mice\Mouse
0%
No matching quizzes found
Score Distribution
Percent of People with Each Score
Percentile by Number Answered
Your Score History
You have not taken this quiz